| 000 | 00563nam a2200193Ia 4500 | ||
|---|---|---|---|
| 999 |
_c7091 _d7091 |
||
| 008 | 200103s 1977 ||||xx |||||||||||||| ||und|| | ||
| 020 | _a0273008781 | ||
| 082 |
_a620.106 _bDOU |
||
| 100 | _aDouglas, John F. | ||
| 245 | 0 | _aSolution of problems in fluid mechanics: a problem-based textbook, Part. 1 | |
| 250 | _aAll-metric edition | ||
| 260 |
_bPitman Publishing _c1977 _aLondon |
||
| 300 | _axviii, 246 p.: ill. | ||
| 504 | _aIncludes index | ||
| 650 | _aHydraulic engineering | ||
| 650 | _aHydraulics | ||
| 650 | _aFluid mechanics | ||
| 942 | _cBK | ||